|
|
|
|
| LEADER |
00000cam a22000004a 4500 |
| 001 |
musev2_3310 |
| 003 |
MdBmJHUP |
| 005 |
20230905040421.0 |
| 006 |
m o d |
| 007 |
cr||||||||nn|n |
| 008 |
030721s2004 mdu o 00 0 eng d |
| 010 |
|
|
|z 2003016412
|
| 020 |
|
|
|a 9780801892011
|
| 020 |
|
|
|z 9780801878688
|
| 020 |
|
|
|z 9780801886270
|
| 035 |
|
|
|a (OCoLC)646769579
|
| 040 |
|
|
|a MdBmJHUP
|c MdBmJHUP
|
| 043 |
|
|
|a e-it---
|
| 050 |
0 |
4 |
|a DG737.9
|b .K46 2004
|
| 082 |
0 |
|
|a 709/.2
|a B
|2 22
|
| 100 |
1 |
|
|a Kent, F. W.
|q (Francis William),
|d 1942-
|
| 245 |
1 |
0 |
|a Lorenzo de' Medici and the Art of Magnificence /
|c F.W. Kent.
|
| 264 |
|
1 |
|a Baltimore :
|b Johns Hopkins University Press,
|c 2004.
|
| 264 |
|
3 |
|a Baltimore, Md. :
|b Project MUSE,
|c 2012
|
| 264 |
|
4 |
|c ©2004.
|
| 300 |
|
|
|a 1 online resource (248 pages):
|b ill. ;
|
| 336 |
|
|
|a text
|b txt
|2 rdacontent
|
| 337 |
|
|
|a computer
|b c
|2 rdamedia
|
| 338 |
|
|
|a online resource
|b cr
|2 rdacarrier
|
| 504 |
|
|
|a Includes bibliographical references (p. [153]-222) and index.
|
| 588 |
|
|
|a Description based on print version record.
|
| 600 |
1 |
0 |
|a Medici, Lorenzo de',
|d 1449-1492
|
| 650 |
|
0 |
|a Intellectuals
|z Italy
|z Florence
|v Biography.
|
| 650 |
|
0 |
|a Statesmen
|z Italy
|z Florence
|v Biography.
|
| 651 |
|
0 |
|a Florence (Italy)
|x History
|y 1421-1737.
|
| 655 |
|
7 |
|a Electronic books.
|2 local
|
| 710 |
2 |
|
|a Project Muse.
|e distributor
|
| 830 |
|
0 |
|a Book collections on Project MUSE.
|
| 856 |
4 |
0 |
|z Texto completo
|u https://projectmuse.uam.elogim.com/book/3310/
|
| 945 |
|
|
|a Project MUSE - Custom Collection
|
| 945 |
|
|
|a Project MUSE - Archive Complete Foundation
|
| 945 |
|
|
|a Project MUSE - Archive History Foundation
|